Sports Quiz

Random Sports or Soccer Quiz
Score 0/9 Timer 05:00
18 Plays Today
Hint Answer % Correct
187 goals (Newcastle, Man Utd, Blackburn, Fulham, Man City, Portsmouth)Andy Cole
83.8%
108 goals (Southampton, Villa, Liverpool, Stoke, Spurs, Portsmouth)Peter Crouch
78.6%
125 goals (Arsenal, Liverpool, Man City, Bolton, Chelsea, WBA)Nicolas Anelka
75.8%
79 goals (Coventry, Newcastle, Blackburn, Liverpool, West Ham, Man City, Cardiff)Craig Bellamy
68.9%
126 goals (Coventry, Leeds, Liverpool, Spurs, West Ham, Villa)Robbie Keane
66.4%
149 goals (QPR, Newcastle, Spurs, West Ham, Bolton, Leicester)Les Ferdinand
62%
53 goals (Everton, Liverpool, M'boro, Spurs, Leeds, Hull)Nick Barmby
29.2%
106 goals (Charlton, Spurs, Sunderland, Villa, Fulham, Ipswich)Darren Bent
25.5%
40 goals (Palace, Ipswich, Leicester, Everton, Charlton, Wigan)Marcus Bent
15%
Remove Ads.
Support Sporcle.
Get the best of Sporcle when you Go Orange. This ad-free experience offers more features, more stats, and more fun while also helping to support Sporcle. Thank you for becoming a member.

You're not logged in!

Compare scores with friends on all Sporcle quizzes.
OR
Log In

Sporcle TV

Today on Sporcle TV


Watch our educational content, quiz creation guides, and fun videos on Sporcle TV.

Show Comments

Extras

Created May 24, 2020ReportNominate
Tags:Football Quiz, Soccer Quiz

Top Quizzes Today


Score Distribution

Paid Content

Your Account Isn't Verified!

In order to create a playlist on Sporcle, you need to verify the email address you used during registration. Go to your Sporcle Settings to finish the process.

Report this User

Report this user for behavior that violates our Community Guidelines.

Details: